000 00497cam a22001457a 4500
008 180718b2005 xxu||||| |||| 00| 0 eng d
082 _aA81x54 01/36PCA
100 _aCensus of India 2001
245 _aAndaman and Nicobar Islands: primary census abstract
260 _aDelhi
_bThe Controller of Publications
_c2005
300 _a106p.
440 _aCensus of India 2001. Series-36, Andaman and Nicobar Islands
500 _aContents: Table A5-A9
650 _aAndaman and Nicobar Islands - Census
999 _c491906
_d491906